=LDR 00000nam 2200000 4500 =001 INLIS000000000045909 =005 20150212073124.0 =006 =007 =008 =020 ##$$a 978-979-18368-0-7 =035 ##$$0010-021500000000469 =040 ##$$a NBPDMAT =082 ##$$a 551.48 =090 ##$$a 551.48 $b Zak s =100 ##$$a Zaki Ramadani =245 ##$$a Seri IPA Dan Teknologi : $b Air / $C Penulis M. Zaki Ramadani =250 ##$$a cet. 2 =260 ##$$a Jakarta $b Media Komunikasi $c 2010 =300 ##$$a iv, 67 hlm $b Ilus $c 25 cm =500 ##$$a Bibliografi : hal. 66 =500 ##$$a Indeks : hlm. 67 =650 ##$$a Air